LIBRARY & INFORMATION CENTRE, KCAET, TAVANUR

ONLINE PUBLIC ACCESS CATALOGUE (OPAC)

Improved design of a simplified roof top rainwater filtering system (Record no. 14063)

MARC details
000 -LEADER
fixed length control field 00368nam a22001337a 4500
082 ## - DEWEY DECIMAL CLASSIFICATION NUMBER
Classification number 631.7
Item number HAM
100 ## - MAIN ENTRY--AUTHOR NAME
Personal name Hameeda Bindu Vahab
245 ## - TITLE STATEMENT
Title Improved design of a simplified roof top rainwater filtering system
260 ## - PUBLICATION, DISTRIBUTION, ETC. (IMPRINT)
Place of publication Tavanur
Name of publisher Department of LWRCE
Year of publication 2013
700 ## - ADDED ENTRY--PERSONAL NAME
Personal name Nimmi Kuruppath
700 ## - ADDED ENTRY--PERSONAL NAME
Personal name Ruth Joseph
700 ## - ADDED ENTRY--PERSONAL NAME
Personal name Sathian K K (guide)
942 ## - ADDED ENTRY ELEMENTS (KOHA)
Koha item type Project Report
Holdings
Home library Current library Full call number Accession Number Koha item type
KAUAET KAUAET 631.7 HAM P273 Project Report
free website counter